| 000 | 00536nam a2200205Ia 4500 | ||
|---|---|---|---|
| 003 | OSt | ||
| 005 | 20251203162935.0 | ||
| 008 | 210210b1991 xxu||||| |||| 00| 0 eng d | ||
| 040 | _cAL | ||
| 041 | _aeng | ||
| 082 | _a001.6424C MULS | ||
| 100 |
_a Henry Mullish _9247460 |
||
| 245 |
_aSpirit of C _b: an introduction modern programming |
||
| 260 |
_aDelhi _bJaico Publishing House _c1991 |
||
| 300 | _a527,I IIp | ||
| 690 |
_aComputer Science _9247461 |
||
| 700 |
_aCooper, Herbert L _9247462 |
||
| 906 | _a045615 | ||
| 942 |
_2ddc _cBK |
||
| 999 |
_c95219 _d95219 |
||